Vývoj a štruktúra evidovaných nezamestnaných z poľnohospodárstva
Pre Slovensko je najväčším ekonomickým a sociálnym problémom pretrvávajúca vysoká miera nezamestnanosti. Táto patrí medzi najvyššie v krajinácu OECD. Vývoj nezamestnaných pracovníkov z poľnohospodárstva (1993-2006). Do roku 2010 je predpoklad postupného poklesu a úbytku skupiny ťažko umiestniteľných...
Saved in:
| Main Author: | |
|---|---|
| Other Authors: | |
| Format: | Book Chapter |
| Language: | Slovak |
| Subjects: | |
| Tags: |
No Tags, Be the first to tag this record!
|
MARC
| LEADER | 00000nla$a2200000$$$4500 | ||
|---|---|---|---|
| 001 | 0077839 | ||
| 005 | 20230113084519.1 | ||
| 041 | 0 | |a slo | |
| 044 | |a CZ | ||
| 245 | 1 | 0 | |a Vývoj a štruktúra evidovaných nezamestnaných z poľnohospodárstva |c Katarína Jankacká, Dagmar Petrušová |
| 520 | |a Pre Slovensko je najväčším ekonomickým a sociálnym problémom pretrvávajúca vysoká miera nezamestnanosti. Táto patrí medzi najvyššie v krajinácu OECD. Vývoj nezamestnaných pracovníkov z poľnohospodárstva (1993-2006). Do roku 2010 je predpoklad postupného poklesu a úbytku skupiny ťažko umiestniteľných a úspešne sa reintegrujúcich osôb a na druhej strane nárast počtu osôb cyklicky rotujúcich medzi sezónnym zamestnaním a nezamestnanosťou. U tejto skupiny dochádza k výraznému zníženiu sociálnej ochrany. | ||
| 610 | 2 | 0 | |a nezamestnaní |
| 610 | 2 | 0 | |a nezamestnanosť |
| 610 | 2 | 0 | |a Slovensko |
| 610 | 2 | 0 | |a poľnohospodárstvo |
| 610 | 2 | 0 | |a pracovníci sezónni |
| 610 | 2 | 0 | |a ochrana sociálna |
| 100 | 1 | |a Jankacká, Katarína | |
| 700 | 1 | |a Petrušová, Dagmar | |